|
|
|
|
| LEADER |
01653nam a2200421Ia 4500 |
| 001 |
EBC3301850 |
| 003 |
MiAaPQ |
| 005 |
20200520144314.0 |
| 006 |
m o d | |
| 007 |
cr cn||||||||| |
| 008 |
040210s2004 caua sb 001 0 eng d |
| 010 |
|
|
|z 2004003189
|
| 020 |
|
|
|z 9780817944834
|
| 020 |
|
|
|z 9780817944827
|
| 035 |
|
|
|a (MiAaPQ)EBC3301850
|
| 035 |
|
|
|a (Au-PeEL)EBL3301850
|
| 035 |
|
|
|a (CaPaEBR)ebr10622903
|
| 035 |
|
|
|a (CaONFJC)MIL551696
|
| 035 |
|
|
|a (OCoLC)654218806
|
| 040 |
|
|
|a MiAaPQ
|c MiAaPQ
|d MiAaPQ
|
| 050 |
|
4 |
|a HD75.6
|b .Y677 2004
|
| 082 |
0 |
4 |
|a 338.9/27
|2 22
|
| 245 |
0 |
0 |
|a You have to admit it's getting better
|h [electronic resource] :
|b from economic prosperity to environmental quality /
|c edited by Terry L. Anderson.
|
| 260 |
|
|
|a Stanford :
|b Hoover Institution Press, Stanford University,
|c 2004.
|
| 300 |
|
|
|a xxiii, 212 p. :
|b ill.
|
| 490 |
1 |
|
|a Hoover Institution Press publication ;
|v no. 525Hoover Institution Press publication ;
|v 525
|
| 504 |
|
|
|a Includes bibliographical references and index.
|
| 533 |
|
|
|a Electronic reproduction. Ann Arbor, MI : ProQuest, 2015. Available via World Wide Web. Access may be limited to ProQuest affiliated libraries.
|
| 650 |
|
0 |
|a Sustainable development.
|
| 650 |
|
0 |
|a Economic policy.
|
| 650 |
|
0 |
|a Free enterprise.
|
| 650 |
|
0 |
|a Right of property.
|
| 650 |
|
0 |
|a Population
|x Economic aspects.
|
| 655 |
|
4 |
|a Electronic books.
|
| 700 |
1 |
|
|a Anderson, Terry Lee,
|d 1946-
|
| 710 |
2 |
|
|a ProQuest (Firm)
|
| 830 |
|
0 |
|a Hoover Institution Press publication ;
|v 525.
|
| 856 |
4 |
0 |
|u https://ebookcentral.proquest.com/lib/matrademy/detail.action?docID=3301850
|z Click to View
|